00988nam a2200253 a 450000100060000000300080000600500170001400800410003103500190007204000230009104100080011408200200012210000430014224500740018526000470025930000290030650000180033550000200035365000490037394200120042299900170043495201320045195201510058353808BD-RjUL20211209080025.0161026s1956 enka 001 0 eng d a(BD-RjUL)53930 aUKMcUKMdEQObeng aeng0 a541.3bANP 19561 aAngus, L. H.q(Leslie Herbert)916072110aPhysical chemistry :bAdvanced and scholarship levels /cL.H. Angus. aLondon :bUniversity Tutorial Press,c1956 a392 p. :bill. ;c22 cm. aWith answers. aIncludes index. 0aChemistry, Physical and theoretical.9116689 2ddccBK c53808d53808 00102ddc40708NFICaRUCLbRUCLcStackd1961-02-20eColombo planl0o541.3 ANP 1956r2016-10-26 00:00:00tC-2w2016-10-26yBK 00102ddc40718NFICaRUCLbRUCLcReadingd1958-02-07eOxford Universiy pressg12.03l0o541.3 ANP 1956r2017-05-20 00:00:00tC-1w2017-05-20yBK